Policy-Making Processes and the European Constitution : A Comparative Study of Member States and Accession Countries.

Bibliographic Details
Main Author: König, Thomas.
Other Authors: Hug, Simon.
Format: eBook
Language:English
Published: Milton : Taylor & Francis Group, 2006.
Edition:1st ed.
Series:Routledge/ECPR Studies in European Political Science Series
Subjects:
Online Access:Click to View
LEADER 01679nam a22003853i 4500
001 EBC7244793
003 MiAaPQ
005 20231204023228.0
006 m o d |
007 cr cnu||||||||
008 231204s2006 xx o ||||0 eng d
020 |a 9781134173358  |q (electronic bk.) 
020 |z 9780415385077 
035 |a (MiAaPQ)EBC7244793 
035 |a (Au-PeEL)EBL7244793 
035 |a (OCoLC)1378936110 
040 |a MiAaPQ  |b eng  |e rda  |e pn  |c MiAaPQ  |d MiAaPQ 
100 1 |a König, Thomas. 
245 1 0 |a Policy-Making Processes and the European Constitution :  |b A Comparative Study of Member States and Accession Countries. 
250 |a 1st ed. 
264 1 |a Milton :  |b Taylor & Francis Group,  |c 2006. 
264 4 |c {copy}2006. 
300 |a 1 online resource (330 pages) 
336 |a text  |b txt  |2 rdacontent 
337 |a computer  |b c  |2 rdamedia 
338 |a online resource  |b cr  |2 rdacarrier 
490 1 |a Routledge/ECPR Studies in European Political Science Series 
588 |a Description based on publisher supplied metadata and other sources. 
590 |a Electronic reproduction. Ann Arbor, Michigan : ProQuest Ebook Central, 2023. Available via World Wide Web. Access may be limited to ProQuest Ebook Central affiliated libraries.  
655 4 |a Electronic books. 
700 1 |a Hug, Simon. 
776 0 8 |i Print version:  |a König, Thomas  |t Policy-Making Processes and the European Constitution  |d Milton : Taylor & Francis Group,c2006  |z 9780415385077 
797 2 |a ProQuest (Firm) 
830 0 |a Routledge/ECPR Studies in European Political Science Series 
856 4 0 |u https://ebookcentral.proquest.com/lib/matrademy/detail.action?docID=7244793  |z Click to View